000 00628nam a22002052 4500
001 0000006311
005 20151217145832.0
008 071016s xx 000 0 eng d
020 _a8131712885 :
_cKES
040 _aKABU
_cKABU
100 1 _aMerkow, Mark S.
_@0000157735
245 1 0 _aInformation security :
_bprinciples and practice /
_cby Mark S. Merkow and Jim Breithaupt.
260 _aDelhi :
_bPearson,
_c2006.
300 _a448 p.
650 0 _aComputer security.
_@0000148177
700 1 _aBreithaupt, Jim.
_@0000153780
908 _a071016
950 _@1
999 _c3104
_d3104